Essentials of Conservation Biology (Record no. 6366)

MARC details
000 -LEADER
fixed length control field 00634nam a22002297a 4500
003 - CONTROL NUMBER IDENTIFIER
control field OSt
005 - DATE AND TIME OF LATEST TRANSACTION
control field 20191030151858.0
008 - FIXED-LENGTH DATA ELEMENTS--GENERAL INFORMATION
fixed length control field 191030b ||||| |||| 00| 0 eng d
020 ## - INTERNATIONAL STANDARD BOOK NUMBER
International Standard Book Number 978-0878937202
020 ## - INTERNATIONAL STANDARD BOOK NUMBER
International Standard Book Number 9780878936397
040 ## - CATALOGING SOURCE
Transcribing agency DDC
082 ## - DEWEY DECIMAL CLASSIFICATION NUMBER
Classification number 578.7 PRI 2006
100 ## - MAIN ENTRY--PERSONAL NAME
Personal name Primack, Richard B.
9 (RLIN) 8481
245 ## - TITLE STATEMENT
Title Essentials of Conservation Biology
250 ## - EDITION STATEMENT
Edition statement 4th ed.
260 ## - PUBLICATION, DISTRIBUTION, ETC. (IMPRINT)
Place of publication, distribution, etc. Sunderland;
Name of publisher, distributor, etc. Sinauer Association,
Date of publication, distribution, etc. 2006
300 ## - PHYSICAL DESCRIPTION
Extent xiv,585p;
Other physical details Ill:
Dimensions 27cm
504 ## - BIBLIOGRAPHY, ETC. NOTE
Bibliography, etc Glossary, Bibliography, & index included
650 ## - SUBJECT ADDED ENTRY--TOPICAL TERM
Topical term or geographic name as entry element Conservation ecology
9 (RLIN) 13020
650 ## - SUBJECT ADDED ENTRY--TOPICAL TERM
Topical term or geographic name as entry element Biology
9 (RLIN) 5602
942 ## - ADDED ENTRY ELEMENTS (KOHA)
Source of classification or shelving scheme Other/Generic Classification Scheme
Koha item type Open Shelf
Holdings
Withdrawn status Lost status Source of classification or shelving scheme Damaged status Not for loan Home library Current library Date acquired Source of acquisition Inventory number Total Checkouts Full call number Barcode Date last seen Koha item type
    Dewey Decimal Classification     MUST Main Library MUST Main Library 30/10/2019 Purchase 19/40729   578.7 PRI 2006 2019-0586 30/10/2019 Open Shelf
    Dewey Decimal Classification     MUST Main Library MUST Main Library 30/10/2019 Purchase 19/40730   578.7 PRI 2006 2019-0587 30/10/2019 Open Shelf
    Dewey Decimal Classification     MUST Main Library MUST Main Library 30/10/2019 Purchase 19/40731   578.7 PRI 2006 2019-0588 30/10/2019 Open Shelf